000 01041nam0a22002291 4500
001 rc\466075
005 20030616172148.6
035 _a(NLR Aleph) 005710186
090 _a7369767
_c7369767
100 _a20030616d1987 u |0rusy50 ca
101 0 _arus
102 _aRU
105 _ay |||||||||
200 1 _aПроблемы воспроизводства основных фондов здравоохранения в РСФСР
_e(Препр. докл. для обсуждения на заседании Науч. совета 25 нояб. 1987 г.)
_fК. э. н. Згиборз Н.П.
_gАН СССР. Науч. совет по пробл. "Экон. эффективность осн. фондов, капит. вложений и новой техники", Ин-т экономики
210 _aМ.
_cБ. и.
_d1987
215 _a13 с.
_d20
700 1 _aЗниборз
_bН. П.
_gНадежда Петровна
801 0 _aRU
_bNLR
_gpsbo
801 1 _aRU
_bELAR
_2rusmarc
852 _aNLR
_j88-4/17459
942 _cBOOK
980 _aNB